VALORANT - Agent Ability Quiz - Statistics

General Stats
  • This quiz has been taken 9,964 times
  • The average score is 10 of 20
Answer Stats
Abilities Agent % Correct
Concuss, Concuss, Damage, Flash Breach
87%
Flash, Heal, Intel, Intel Skye
65%
Heal, Molly, Resurrect, Wall Sage
63%
Concuss, Damage, Movement, Wall Neon
62%
Nearsight, Smoke, Teleport, Teleport Omen
62%
Flash, Intel, Special, Teleport Yoru
52%
Concuss, Smoke, Special, Wall Astra
51%
Damage, Movement, Movement, Smoke Jett
51%
Flash, Molly, Resurrect, Wall Phoenix
51%
Heal, Nearsight, Special, Special Reyna
50%
Concuss, Smoke, Wall, Wall Harbor
49%
Damage, Molly, Movement, Smoke Brimstone
48%
Damage, Damage, Intel, Teleport Chamber
48%
Damage, Damage, Damage, Movement Raze
48%
Molly, Smoke, Smoke, Wall Viper
45%
Flash, Intel, Molly, Resurrect KAYO
42%
Concuss, Damage, Intel, Molly Killjoy
42%
Damage, Damage, Intel, Intel Sova
40%
Intel, Intel, Intel, Smoke Cypher
34%
Intel, Intel, Special, Nearsight Fade
31%
No matching quizzes found
Score Distribution
Percent of People with Each Score
Percentile by Number Answered
Your Score History
You have not taken this quiz